Geotechnical Engineering : (Record no. 2910)

MARC details
000 -LEADER
fixed length control field 00839nac a22002651u 4500
008 - FIXED-LENGTH DATA ELEMENTS--GENERAL INFORMATION
fixed length control field 090423t2005 ad f |||| 00| 0 eng d
020 ## - INTERNATIONAL STANDARD BOOK NUMBER
International Standard Book Number 812192457x
020 ## - INTERNATIONAL STANDARD BOOK NUMBER
International Standard Book Number 9788121924573
020 ## - INTERNATIONAL STANDARD BOOK NUMBER
International Standard Book Number 9788
082 04 - DEWEY DECIMAL CLASSIFICATION NUMBER
Classification number 624.1513
Item number RAM
Edition number 22
100 1# - MAIN ENTRY--PERSONAL NAME
Personal name Ramamurthy ,T.N.
9 (RLIN) 4099
245 10 - TITLE STATEMENT
Title Geotechnical Engineering :
Remainder of title Soil Mechanics /
Statement of responsibility, etc T.N. Ramamurthy ,T.G.Sitharam.
260 ## - PUBLICATION, DISTRIBUTION, ETC. (IMPRINT)
Place of publication, distribution, etc New Delhi :
Name of publisher, distributor, etc S.Chand and Company ,
Date of publication, distribution, etc c2005.
300 ## - PHYSICAL DESCRIPTION
Extent 289p. :
Other physical details ill. ;
Dimensions 25cm.
504 ## - BIBLIOGRAPHY, ETC. NOTE
Bibliography, etc Includes Index.
590 ## - LOCAL NOTE (RLIN)
Local note mustafa galal.
650 ## - SUBJECT ADDED ENTRY--TOPICAL TERM
Topical term or geographic name as entry element Soil mechanics.
9 (RLIN) 4100
Source of heading or term BUEsh
650 ## - SUBJECT ADDED ENTRY--TOPICAL TERM
Topical term or geographic name as entry element Rock mechanics.
9 (RLIN) 4101
Source of heading or term BUEsh
650 ## - SUBJECT ADDED ENTRY--TOPICAL TERM
Topical term or geographic name as entry element Roads--Design and construction.
9 (RLIN) 4102
Source of heading or term BUEsh
651 ## - SUBJECT ADDED ENTRY--GEOGRAPHIC NAME
Source of heading or term BUEsh
653 ## - INDEX TERM--UNCONTROLLED
Resource For college Engineering, Chemical
Arrived date list August2015
655 ## - INDEX TERM--GENRE/FORM
Form subdivision
-- 33728
700 ## - ADDED ENTRY--PERSONAL NAME
Personal name T.G.Sitharam.
9 (RLIN) 4103
942 ## - ADDED ENTRY ELEMENTS (KOHA)
Item type Book - Borrowing
Call number prefix 624.1513 RAM
Source of classification or shelving scheme Dewey Decimal Classification
Holdings
Withdrawn status Item status Source of classification or shelving scheme Damaged status Not for loan Vendor Home library Current library Shelving location Date acquired Source of acquisition Total Checkouts Total Renewals Full call number Barcode Date last seen Date last borrowed Cost, replacement price Koha item type
    Dewey Decimal Classification       Central Library Central Library First floor 07/09/2010   3 5 624.1513 RAM 000001378 15/07/2025 12/05/2014 50.00 Book - Borrowing